000 00578nam a22001937a 4500
003 OSt
005 20251103024031.0
008 251103b |||||||| |||| 00| 0 eng d
020 _a978-0-07-302326-7.
040 _aDWCL-Main lib
_cOC
082 _aCirc. 512.9 M649i 2007
100 _aMiller, Julie
245 _aIntermediate Algebra
_cMiller, Julie
260 _aBoston :
_bMcGraw-Hill Higher Education,
_cc2007.
300 _axxvi, (various paging) :
_bcolored illustration ;
_c27 cm.
504 _aIncludes index.
650 _21. Algebra.
942 _2ddc
_cBK-CIRC
_kCirc.
_n0
999 _c5384
_d5384